000 00845 a2200205 4500
008 080826t xxu||||| |||| 00| 0 eng d
010 _aENG-87200
020 _a9788184500240
_c780.00
035 _aEN-70733
037 _bDBAD / PUB
082 _a331.137
100 _aMavi, Anupreet Kaur
245 _aEducated unemployed
_bproblem, policy and measures to generate employment
_cby Anupreet Kaur Mavi
260 _aNew Delhi
_bDeep & Deep Publications
_c2007
270 _aF-159, Rajouri Garden
_bNew Delhi
_e110 027
300 _axvii, 264 p.
_c22 cm ( Hb.)
500 _aIncludes bibliograpgical references
942 _adpl
_cEN
_k331.137 / MAV
_2ddc
_h331.137
_mMAV
999 _c6234
_d6234